000 00806nam a2200241 4500
001 6036
010 _a9789895330508
021 _b488104/21
090 _a6036
100 _a20251001d2021 bc y0pory50030103ba
200 1 _aNão é nada complicado
_fSamuel Ribeyron
_gtrad. Pedro Seromenho
210 9 _aBraga
_cPaleta de Letras
_d2021
215 _a[42] p.
_cil.
330 _aOntem, enquanto desenhava, a Luísa perguntou-me o que tinha na cabeça. Não soube o que responder. Mas não é nada complicado.
606 _914
_aLiteratura infantil
606 _913
_aLiteratura Estrangeira
675 _a82-93
_vBN
_zpor
675 _a821.1/.8
_vBN
_zpor
700 _aRibeyron
_bSamuel
_95727
702 _aSeromenho
_bPedro
_94068
_f1975-
801 0 _aPT
_bBEN2VN
_gRPC
830 _cTânia Croca
_d01/10/2025
990 _cLIVROS